Campeões Campeonato Gaúcho - Statistics

Estatísticas Gerais
  • Esse quiz foi jogado 1 298 vezes
  • A pontuação média é 9 de 17
Estatísticas das Respostas
Dica Resposta % Correto
42 Titulos Grêmio
100%
45 Titulos Internacional
99%
1 Titulo(ano:1998) Juventude
96%
1 Titulo(ano: 2000) Caxias
90%
1 Titulo(ano: 2017) Novo hamburgo
79%
1 Titulo(ano: 1919) Brasil de pelotas
72%
1 Titulo(ano: 1930) Pelotas
60%
2 Titulos Guarany
53%
1 Titulo(ano: 1925) Bagé
39%
1 Titulo(ano: 1954) Renner
39%
1 Titulo(ano: 1936) Rio Grande
35%
1 Titulo(ano: 1929) Cruzeiro
34%
1 Titulo(ano: 1933) São Paulo
29%
1 Titulo(ano: 1935) Farroupilha
21%
1 Titulo(ano: 1939) Rio Grandense
20%
1 Titulo(ano: 1937) Grêmio Santanense
15%
1 Titulo(ano: 1928) Americano
12%
Nenhum quiz correspondente encontrado
Distribuição das Pontuações
Porcentagem de Pessoas com Cada Pontuação
Percentil de Números Respondidos
Sua Pontuação Histórica
Você não jogou esse quiz